[Event "Vladimir Dvorkovich Mem 2014"]
[Site "Taganrog RUS"]
[Date "2014.01.23"]
[Round "6.11"]
[White "Onischuk, V."]
[Black "Bukavshin, I."]
[Result "0-1"]
[WhiteElo "2594"]
[BlackElo "2578"]
[PlyCount "148"]
[EventDate "2014.01.18"]
[EventType "swiss"]
[EventRounds "9"]
[EventCountry "RUS"]
[Source "Mark Crowther"]
[SourceDate "2014.01.27"]

1. e4 c5 2. Nf3 d6 3. Bb5+ Bd7 4. c4 Nf6 5. Nc3 g6 6. O-O Bg7 7. Re1 O-O 8. d4
cxd4 9. Nxd4 Nc6 10. Bxc6 bxc6 11. c5 dxc5 12. Nb3 c4 13. Nc5 Bg4 14. Qxd8
Raxd8 15. Be3 Bc8 16. N5a4 Ng4 17. Bxa7 Ne5 18. Re2 Nd3 19. Rd1 Ba6 20. Red2
Bb5 21. Be3 f5 22. b3 Bxa4 23. Nxa4 cxb3 24. axb3 fxe4 25. f3 Rb8 26. fxe4 Ne5
27. Nc5 Ng4 28. Bg5 Rfe8 29. h3 Ne5 30. Bf4 Rb4 31. Kf1 Nf7 32. Ke2 g5 33. Be3
h6 34. Bd4 Nd6 35. Ke3 Nb7 36. Bxg7 Nxc5 37. Bxh6 Rxe4+ 38. Kf3 Rf4+ 39. Ke3
Rf5 40. Rd8 Re5+ 41. Kf3 Rxd8 42. Rxd8+ Kh7 43. Bf8 Ne6 44. Re8 Rf5+ 45. Ke4
Rxf8 46. Rxe7+ Ng7 47. Rc7 Rf6 48. g4 Kg6 49. Rc8 Rd6 50. Ke5 Rd5+ 51. Ke4 Rc5
52. b4 Rc1 53. Ke5 Rc2 54. Kd6 Kf7 55. Rxc6 Ne8+ 56. Kd5 Nc7+ 57. Kd6 Nb5+ 58.
Kd5 Nc7+ 59. Kd6 Ne8+ 60. Kd5 Nf6+ 61. Kd6 Rd2+ 62. Kc5 Rd3 63. b5 Nd7+ 64. Kb4
Rxh3 65. Rd6 Ne5 66. b6 Rh1 67. Kc5 Rb1 68. Rd5 Ke6 69. Rd6+ Ke7 70. Rd5 Nf7
71. Rf5 Ke6 72. Kc6 Rc1+ 73. Rc5 Ne5+ 74. Kb5 Rxc5+ 0-1

[Event "Vladimir Dvorkovich Mem 2014"]
[Site "Taganrog RUS"]
[Date "2014.01.23"]
[Round "6.12"]
[White "Bocharov, D."]
[Black "Vastrukhin, O."]
[Result "1/2-1/2"]
[WhiteElo "2602"]
[BlackElo "2370"]
[PlyCount "81"]
[EventDate "2014.01.18"]
[EventType "swiss"]
[EventRounds "9"]
[EventCountry "RUS"]
[Source "Mark Crowther"]
[SourceDate "2014.01.27"]

1. d4 Nf6 2. Bg5 d5 3. e3 c5 4. Bxf6 gxf6 5. Nc3 Nc6 6. Qh5 cxd4 7. exd4 Be6 8.
O-O-O Qb6 9. Nge2 O-O-O 10. f4 f5 11. Qf3 Bg7 12. Qe3 Na5 13. b3 Kb8 14. g3 Rc8
15. Bg2 Rhd8 16. Rd2 Qb4 17. Kd1 Rc7 18. Rd3 Nc6 19. Nb1 a6 20. a3 Qb6 21. Nbc3
Na7 22. Ke1 Nb5 23. Nxb5 Qxb5 24. Rc3 Rdc8 25. Rxc7 Rxc7 26. a4 Qc6 27. c4 Qb6
28. cxd5 Bxd5 29. Bxd5 Qa5+ 30. Kf2 Qxd5 31. Rd1 e6 32. Qd3 Bf6 33. Qf3 Qxf3+
34. Kxf3 Rc2 35. Rd3 Kc7 36. d5 Rb2 37. h3 h5 38. Ke3 Rb1 39. h4 Rb2 40. Nd4
Bxd4+ 41. Kxd4 1/2-1/2

[Event "Vladimir Dvorkovich Mem 2014"]
[Site "Taganrog RUS"]
[Date "2014.01.23"]
[Round "6.13"]
[White "Tunik, G."]
[Black "Saduakassova, D."]
[Result "1-0"]
[WhiteElo "2420"]
[BlackElo "2348"]
[PlyCount "77"]
[EventDate "2014.01.18"]
[EventType "swiss"]
[EventRounds "9"]
[EventCountry "RUS"]
[Source "Mark Crowther"]
[SourceDate "2014.01.27"]

1. d4 Nf6 2. c4 e6 3. Nf3 b6 4. g3 Bb4+ 5. Bd2 Bxd2+ 6. Qxd2 Ba6 7. Qc2 c5 8.
Bg2 Nc6 9. dxc5 bxc5 10. O-O O-O 11. b3 Qe7 12. Nc3 d5 13. cxd5 exd5 14. Na4
Nd7 15. Rfe1 Nb4 16. Qd2 Bb7 17. Rac1 Na6 18. Qa5 Rac8 19. Nd2 Nf6 20. e3 h5
21. Bf1 c4 22. bxc4 dxc4 23. Rxc4 Rcd8 24. Rb1 Rd5 25. Qc3 Rfd8 26. Rb2 R5d7
27. Rd4 Rxd4 28. exd4 Nd5 29. Qa5 Ndb4 30. Nc5 Rxd4 31. Nxb7 Qxb7 32. a3 Nc6
33. Qc3 Qc8 34. Rc2 Rd6 35. Ne4 Rg6 36. h4 Nc7 37. Ng5 Rf6 38. Bg2 Nb5 39. Qd3
1-0

[Event "Vladimir Dvorkovich Mem 2014"]
[Site "Taganrog RUS"]
[Date "2014.01.23"]
[Round "6.14"]
[White "Pushkov, N."]
[Black "Pasiev, R."]
[Result "1/2-1/2"]
[WhiteElo "2344"]
[BlackElo "2405"]
[PlyCount "95"]
[EventDate "2014.01.18"]
[EventType "swiss"]
[EventRounds "9"]
[EventCountry "RUS"]
[Source "Mark Crowther"]
[SourceDate "2014.01.27"]

1. d4 d5 2. c4 Nc6 3. cxd5 Qxd5 4. e3 e5 5. Nc3 Bb4 6. Bd2 Bxc3 7. Bxc3 exd4 8.
Ne2 Nge7 9. Nxd4 Nxd4 10. Qxd4 Qxd4 11. Bxd4 f6 12. Rc1 Nc6 13. Bc3 Be6 14. a3
O-O-O 15. Be2 Rhe8 16. O-O Bb3 17. Bd1 Bxd1 18. Rfxd1 b6 19. Kf1 Rxd1+ 20. Rxd1
Rd8 21. Rc1 Kb7 22. Ke2 Ne7 23. e4 c5 24. g4 Ng6 25. h4 Nf4+ 26. Kf3 Ng6 27. g5
Ne5+ 28. Ke2 Nd3 29. Rh1 Nf4+ 30. Ke3 Nh5 31. gxf6 Nxf6 32. Bxf6 gxf6 33. Rg1
Kc6 34. h5 c4 35. f3 Rd3+ 36. Kf4 Rd2 37. Rb1 b5 38. Kf5 Rf2 39. f4 a5 40. h6
b4 41. axb4 axb4 42. Kxf6 Rxf4+ 43. Kg7 Rxe4 44. Kxh7 Rg4 45. Rc1 b3 46. Kh8
Kb5 47. h7 Rg2 48. Rxc4 1/2-1/2

[Event "Vladimir Dvorkovich Mem 2014"]
[Site "Taganrog RUS"]
[Date "2014.01.23"]
[Round "6.15"]
[White "Yuffa, D."]
[Black "Sarana, A."]
[Result "1-0"]
[WhiteElo "2373"]
[BlackElo "2283"]
[PlyCount "91"]
[EventDate "2014.01.18"]
[EventType "swiss"]
[EventRounds "9"]
[EventCountry "RUS"]
[Source "Mark Crowther"]
[SourceDate "2014.01.27"]

1. d4 Nf6 2. c4 g6 3. g3 c6 4. Bg2 d5 5. e3 dxc4 6. Ne2 Nbd7 7. O-O Bg7 8. a4
a5 9. Na3 Nb6 10. Qc2 O-O 11. e4 Ne8 12. Nxc4 Nxc4 13. Qxc4 e5 14. Be3 exd4 15.
Nxd4 Qe7 16. Rad1 Nc7 17. f4 c5 18. Nb5 b6 19. e5 Rb8 20. Nxc7 Qxc7 21. Rd6 Be6
22. Rxe6 fxe6 23. Qxe6+ Kh8 24. Bc6 Rbd8 25. h4 Rd3 26. Bf2 Qc8 27. Bd5 Qd8 28.
Bc4 Rd1 29. b3 Rxf1+ 30. Kxf1 Re8 31. Qc6 Rf8 32. Qe4 Qd2 33. Kg2 Rd8 34. Qf3
Rf8 35. Qe3 Qxe3 36. Bxe3 h6 37. Bd3 g5 38. hxg5 hxg5 39. Bc4 Kh7 40. Bd3+ Kg8
41. Bc4+ Kh7 42. Bc1 Kg6 43. Bd3+ Kf7 44. Kf3 gxf4 45. gxf4 Ke7 46. Ke4 1-0

[Event "Vladimir Dvorkovich Mem 2014"]
[Site "Taganrog RUS"]
[Date "2014.01.23"]
[Round "6.16"]
[White "Zakharov, AI."]
[Black "Lugovskoy, M."]
[Result "0-1"]
[WhiteElo "2324"]
[BlackElo "2386"]
[PlyCount "104"]
[EventDate "2014.01.18"]
[EventType "swiss"]
[EventRounds "9"]
[EventCountry "RUS"]
[Source "Mark Crowther"]
[SourceDate "2014.01.27"]

1. e4 e6 2. d4 d5 3. Nd2 Nc6 4. Ngf3 Nf6 5. e5 Nd7 6. Bd3 f6 7. Ng5 Ndxe5 8.
dxe5 fxg5 9. Qh5+ g6 10. Bxg6+ Kd7 11. Bd3 Nxe5 12. Nf3 Nxf3+ 13. gxf3 Be7 14.
f4 c6 15. fxg5 Qb6 16. O-O Qd4 17. Bd2 Qg7 18. Bc3 d4 19. Bd2 Kc7 20. Rae1 Bd6
21. f4 Bd7 22. h4 Raf8 23. Re2 Be8 24. Qg4 h6 25. g6 h5 26. Qxe6 Rf6 27. Qe4
Rxg6+ 28. Rg2 Rg8 29. Rff2 Rg4 30. Qh7 Bf7 31. Qxg7 R8xg7 32. Be2 R4g6 33. Rxg6
Rxg6+ 34. Kf1 Rg3 35. b3 Bd5 36. Rh2 Be4 37. Bd3 Bxd3+ 38. cxd3 Rxd3 39. Ke2
Rg3 40. Kf2 Rg4 41. Kf3 c5 42. a4 Kc6 43. Ke4 b6 44. Rf2 Rxh4 45. Kf5 Kd5 46.
Kg6 Rh3 47. f5 h4 48. Bf4 Bxf4 49. Rxf4 Rg3+ 50. Kh7 h3 51. f6 h2 52. Rh4 Ke6
0-1

[Event "Vladimir Dvorkovich Mem 2014"]
[Site "Taganrog RUS"]
[Date "2014.01.23"]
[Round "6.17"]
[White "Vlasenko, A."]
[Black "Kornyukov, A."]
[Result "1/2-1/2"]
[WhiteElo "2319"]
[BlackElo "2437"]
[PlyCount "80"]
[EventDate "2014.01.18"]
[EventType "swiss"]
[EventRounds "9"]
[EventCountry "RUS"]
[Source "Mark Crowther"]
[SourceDate "2014.01.27"]

1. d4 d5 2. c4 e6 3. Nf3 Nf6 4. e3 Nbd7 5. Bd3 a6 6. b3 c5 7. O-O dxc4 8. bxc4
b6 9. Bb2 Bb7 10. Nc3 Bd6 11. d5 exd5 12. cxd5 O-O 13. e4 Ne5 14. Ne2 Nfg4 15.
Ng3 f5 16. Nxe5 Bxe5 17. Rb1 Qh4 18. h3 Nxf2 19. Rxf2 Bxg3 20. Rxf5 Rxf5 21.
exf5 Bxd5 22. Bxa6 Bf2+ 23. Kf1 Qe4 24. Kxf2 Qxg2+ 25. Ke1 Rxa6 26. Qg4 Qe4+
27. Kf2 Qxg4 28. hxg4 Rxa2 29. Ke3 b5 30. Be5 Ra3+ 31. Kf4 Rf3+ 32. Kg5 h6+ 33.
Kh5 Re3 34. Ba1 b4 35. Rd1 Bg2 36. Rd8+ Kf7 37. g5 hxg5 38. Kxg5 c4 39. Rd7+
Re7 40. Rxe7+ Kxe7 1/2-1/2

[Event "Vladimir Dvorkovich Mem 2014"]
[Site "Taganrog RUS"]
[Date "2014.01.23"]
[Round "6.18"]
[White "Musalov, R."]
[Black "Golubov, Saveliy"]
[Result "1/2-1/2"]
[WhiteElo "2365"]
[BlackElo "2307"]
[PlyCount "109"]
[EventDate "2014.01.18"]
[EventType "swiss"]
[EventRounds "9"]
[EventCountry "RUS"]
[Source "Mark Crowther"]
[SourceDate "2014.01.27"]

1. c4 Nf6 2. Nf3 e6 3. b3 d5 4. Bb2 Be7 5. e3 O-O 6. Be2 c5 7. O-O Nc6 8. cxd5
exd5 9. d4 cxd4 10. Nxd4 Be6 11. Nc3 Rc8 12. Rc1 Qa5 13. a3 Qc7 14. Na4 Qd6 15.
b4 Nd7 16. Nc5 Nxc5 17. bxc5 Qc7 18. Bd3 Bf6 19. Qc2 h6 20. Nxc6 Bxb2 21. Qxb2
Qxc6 22. Rc2 Qd7 23. Rfc1 Rc7 24. Qe5 Rfc8 25. h3 Qe7 26. Kh2 Rc6 27. Kg1 R6c7
28. a4 a6 29. c6 Rxc6 30. Rxc6 bxc6 31. Bxa6 Rc7 32. a5 c5 33. Bb5 Rb7 34. Bc6
Qc7 35. a6 Qxe5 36. axb7 Bf5 37. Rxc5 Qa1+ 38. Kh2 Qa7 39. Bxd5 Qxc5 40. b8=Q+
Qf8 41. Qe5 Bd7 42. e4 Qe8 43. Qc7 h5 44. f4 g6 45. Qd6 Kg7 46. Kg3 Bc8 47. Qc7
Qd7 48. Qe5+ f6 49. Qb8 Qe8 50. Kf2 Qd7 51. Ke3 f5 52. Qe5+ Kh7 53. exf5 Qa7+
54. Kf3 Bxf5 55. Kg3 1/2-1/2

[Event "Vladimir Dvorkovich Mem 2014"]
[Site "Taganrog RUS"]
[Date "2014.01.23"]
[Round "6.19"]
[White "Esipenko, Andrey"]
[Black "Charochkina, D."]
[Result "0-1"]
[WhiteElo "2289"]
[BlackElo "2359"]
[PlyCount "67"]
[EventDate "2014.01.18"]
[EventType "swiss"]
[EventRounds "9"]
[EventCountry "RUS"]
[Source "Mark Crowther"]
[SourceDate "2014.01.27"]

1. d4 Nf6 2. c4 e6 3. Nf3 Bb4+ 4. Nbd2 d5 5. e3 O-O 6. a3 Be7 7. Bd3 c5 8. dxc5
Bxc5 9. b4 Be7 10. Bb2 b6 11. Qb1 h6 12. O-O Bb7 13. Rd1 Nbd7 14. Bd4 Bd6 15.
cxd5 Nxd5 16. Nc4 Bc7 17. Qb2 f6 18. Qb1 f5 19. Qb2 Qe7 20. Nfe5 b5 21. Na5
Bxa5 22. bxa5 Nxe5 23. Bxe5 a6 24. Bf1 Rf7 25. Rac1 Qd8 26. Qd2 Rd7 27. Qe1 Rc8
28. Rxc8 Qxc8 29. Rc1 Qf8 30. Bb2 Qd8 31. e4 Nf4 32. exf5 exf5 33. Be5 Nh3+ 34.
gxh3 0-1

[Event "Vladimir Dvorkovich Mem 2014"]
[Site "Taganrog RUS"]
[Date "2014.01.23"]
[Round "6.20"]
[White "Davletbayeva, M."]
[Black "Gorkavij, V."]
[Result "1/2-1/2"]
[WhiteElo "2286"]
[BlackElo "2354"]
[PlyCount "125"]
[EventDate "2014.01.18"]
[EventType "swiss"]
[EventRounds "9"]
[EventCountry "RUS"]
[Source "Mark Crowther"]
[SourceDate "2014.01.27"]

1. e4 c5 2. Nf3 d6 3. Bb5+ Nd7 4. d4 cxd4 5. Qxd4 a6 6. Bxd7+ Bxd7 7. O-O Rc8
8. c4 Qc7 9. Na3 e5 10. Qd3 Nf6 11. Bg5 Nh5 12. Rac1 h6 13. Be3 Be7 14. Nb1 f5
15. exf5 O-O 16. c5 dxc5 17. Rfd1 Bxf5 18. Qd5+ Kh7 19. Qxe5 Qxe5 20. Nxe5 Nf6
21. h3 Rfd8 22. Nc3 b5 23. a3 Be6 24. Rxd8 Bxd8 25. Ne2 c4 26. Nf4 Bc7 27. Nxe6
Bxe5 28. Rc2 Nd5 29. Bd4 Bxd4 30. Nxd4 Nf4 31. Kh2 Rd8 32. Nc6 Rd6 33. Nb4 Kg6
34. a4 Nd3 35. Na2 bxa4 36. Nc3 Rb6 37. Nd1 Rb4 38. Kg3 Kf6 39. Ne3 Ke5 40.
Nxc4+ Kd4 41. Na5 Rxb2 42. Rc4+ Kd5 43. Rxa4 Nc5 44. Ra1 Ne4+ 45. Kf3 Rxf2+ 46.
Ke3 Rc2 47. Nb7 Rxg2 48. Rxa6 Rg3+ 49. Kf4 g5+ 50. Kf5 Rf3+ 51. Kg6 Rxh3 52.
Ra5+ Kd4 53. Nd8 g4 54. Ne6+ Ke3 55. Ra3+ Kf2 56. Ra2+ Kg3 57. Ng7 Nf2 58. Nh5+
Kf3 59. Kxh6 Ne4 60. Kg6 g3 61. Ra3+ Kg4 62. Nxg3 Nxg3 63. Ra4+ 1/2-1/2

[Event "Vladimir Dvorkovich Mem 2014"]
[Site "Taganrog RUS"]
[Date "2014.01.23"]
[Round "6.21"]
[White "Kovalchuk, Al RUS"]
[Black "Rozhko, D."]
[Result "1-0"]
[WhiteElo "2276"]
[BlackElo "2354"]
[PlyCount "115"]
[EventDate "2014.01.18"]
[EventType "swiss"]
[EventRounds "9"]
[EventCountry "RUS"]
[Source "Mark Crowther"]
[SourceDate "2014.01.27"]

1. e4 d5 2. exd5 Qxd5 3. Nf3 Nf6 4. d4 g6 5. Be2 Bg7 6. O-O O-O 7. c4 Qd6 8.
Nc3 c6 9. h3 Bf5 10. Be3 Ne4 11. Qb3 Nxc3 12. bxc3 Qc7 13. Rfe1 h6 14. Qa3 Re8
15. Rad1 g5 16. Qc1 Nd7 17. h4 g4 18. Nh2 g3 19. fxg3 Qxg3 20. Bxh6 Qxh4 21.
Bg5 Qh7 22. Rf1 f6 23. Be3 Nf8 24. Nf3 Be4 25. Kf2 e5 26. Rh1 exd4 27. Rxh7
dxe3+ 28. Qxe3 Nxh7 29. Qf4 Re7 30. c5 Ng5 31. Bc4+ Bd5 32. Nxg5 fxg5 33. Bxd5+
cxd5 34. Qxg5 Re5 35. Qg3 Rf8+ 36. Kg1 Rff5 37. Rf1 Rg5 38. Qh3 d4 39. cxd4 Re4
40. Qc8+ Kh7 41. Qxb7 Rxd4 42. Qxa7 Rc4 43. Rf3 Rcxc5 44. Rh3+ Kg6 45. Qa6+ Bf6
46. Rf3 Rgf5 47. Rxf5 Kxf5 48. Qd3+ Ke6 49. a4 Bc3 50. g4 Be5 51. Kg2 Bc7 52.
Kh3 Be5 53. Qe4 Rd5 54. g5 Rd4 55. Qg6+ Kd5 56. a5 Ra4 57. a6 Ra3+ 58. Kg4 1-0

[Event "Vladimir Dvorkovich Mem 2014"]
[Site "Taganrog RUS"]
[Date "2014.01.23"]
[Round "6.22"]
[White "Korchmar, V."]
[Black "Rjabzev, K."]
[Result "1/2-1/2"]
[WhiteElo "2346"]
[BlackElo "2304"]
[PlyCount "79"]
[EventDate "2014.01.18"]
[EventType "swiss"]
[EventRounds "9"]
[EventCountry "RUS"]
[Source "Mark Crowther"]
[SourceDate "2014.01.27"]

1. d4 d6 2. Nf3 Bg4 3. c4 Nf6 4. Nc3 Bxf3 5. exf3 g6 6. g4 Bg7 7. Be3 Na6 8.
Qd2 c6 9. O-O-O Qa5 10. g5 Nd7 11. h4 c5 12. f4 Nb4 13. a3 Nc6 14. Nb5 Qxd2+
15. Rxd2 cxd4 16. Nxd4 Nc5 17. Kc2 Nxd4+ 18. Bxd4 Bxd4 19. Rxd4 h6 20. Bh3 Ne6
21. Bxe6 fxe6 22. Re1 hxg5 23. hxg5 Kd7 24. Rde4 Raf8 25. Rxe6 Rxf4 26. Rxe7+
Kc6 27. Rg7 Rxf2+ 28. Kb3 Rh3+ 29. Ka2 Rhh2 30. Rb1 Rhg2 31. Rxg6 a6 32. a4 b6
33. Re6 Kd7 34. Rh6 Kc6 35. Rg6 a5 36. Re6 Kd7 37. Rh6 Kc6 38. Rg6 Kd7 39. Rh6
Kc6 40. Rg6 1/2-1/2

[Event "Vladimir Dvorkovich Mem 2014"]
[Site "Taganrog RUS"]
[Date "2014.01.23"]
[Round "6.23"]
[White "Nazaretyan, Tigran"]
[Black "Yuzhakov, O."]
[Result "0-1"]
[WhiteElo "2149"]
[BlackElo "2345"]
[PlyCount "52"]
[EventDate "2014.01.18"]
[EventType "swiss"]
[EventRounds "9"]
[EventCountry "RUS"]
[Source "Mark Crowther"]
[SourceDate "2014.01.27"]

1. d4 d5 2. Nf3 Nf6 3. c4 e6 4. Nc3 dxc4 5. e3 a6 6. a4 c5 7. Bxc4 Nc6 8. O-O
Be7 9. Qe2 O-O 10. Rd1 Qc7 11. h3 Rd8 12. d5 Na5 13. e4 Nxc4 14. Qxc4 exd5 15.
exd5 h6 16. a5 Bf5 17. b4 b5 18. axb6 Qxb6 19. bxc5 Bxc5 20. Nd4 Bd7 21. Be3
Rdc8 22. Na4 Bxa4 23. Rxa4 Qb7 24. Rda1 Nxd5 25. Rxa6 Nxe3 26. Qb5 Qxg2# 0-1

[Event "Vladimir Dvorkovich Mem 2014"]
[Site "Taganrog RUS"]
[Date "2014.01.23"]
[Round "6.24"]
[White "Kudelya, I."]
[Black "Mikhailov, Se1"]
[Result "1-0"]
[WhiteElo "2232"]
[BlackElo "2327"]
[PlyCount "131"]
[EventDate "2014.01.18"]
[EventType "swiss"]
[EventRounds "9"]
[EventCountry "RUS"]
[Source "Mark Crowther"]
[SourceDate "2014.01.27"]

1. e4 c5 2. Nf3 d6 3. d4 cxd4 4. Nxd4 Nf6 5. f3 a6 6. c4 e6 7. Nc3 Be7 8. Be2
Qc7 9. O-O O-O 10. Be3 b6 11. Rc1 Bb7 12. Qd2 Nbd7 13. Rfd1 Rfd8 14. a3 Rac8
15. b4 Qb8 16. Nb3 Qa8 17. Na4 Rc6 18. Bf1 Qb8 19. Qf2 Ba8 20. Nd4 Rc7 21. Nb3
Rc6 22. Kh1 Rdc8 23. Rb1 b5 24. Ba7 Qc7 25. cxb5 axb5 26. Bxb5 Rc2 27. Rbc1
Rxc1 28. Rxc1 Qxc1+ 29. Nxc1 Rxc1+ 30. Bf1 Bc6 31. Be3 Rxf1+ 32. Qxf1 Bxa4 33.
Qa6 Bb3 34. b5 d5 35. Qc8+ Nf8 36. b6 N6d7 37. exd5 exd5 38. b7 d4 39. Bxd4
Bxa3 40. b8=Q Nxb8 41. Qxb8 Be6 42. Qe5 f6 43. Qa5 Bd6 44. Bc5 Bxc5 45. Qxc5
Bf7 46. Qe7 h5 47. Qd8 Be6 48. Kg1 Kf7 49. Kf2 g5 50. Qc7+ Nd7 51. g3 Bf5 52.
Qc8 h4 53. gxh4 gxh4 54. Qh8 h3 55. Qh5+ Ke6 56. Kg3 Ke5 57. Qe8+ Kd6 58. Kf4
Be6 59. Qh8 Kd5 60. Kg3 Kd6 61. f4 Bf5 62. Qh5 Ke6 63. Kh4 Nc5 64. Qe8+ Kd5 65.
Qf7+ Be6 66. Qxf6 1-0

[Event "Vladimir Dvorkovich Mem 2014"]
[Site "Taganrog RUS"]
[Date "2014.01.23"]
[Round "6.25"]
[White "Lopukhin, A."]
[Black "Taysayev, T."]
[Result "1-0"]
[WhiteElo "2327"]
[BlackElo "2233"]
[PlyCount "67"]
[EventDate "2014.01.18"]
[EventType "swiss"]
[EventRounds "9"]
[EventCountry "RUS"]
[Source "Mark Crowther"]
[SourceDate "2014.01.27"]

1. e4 c5 2. Nf3 d6 3. Bb5+ Bd7 4. c4 Nc6 5. d4 cxd4 6. Nxd4 Nf6 7. Nc3 g6 8. f3
Nxd4 9. Bxd7+ Qxd7 10. Qxd4 Bg7 11. Bg5 O-O 12. Qd3 Rfc8 13. Rc1 Qe8 14. O-O h6
15. Bh4 g5 16. Bf2 Nd7 17. b3 Nc5 18. Qd2 Bxc3 19. Rxc3 Kg7 20. Qd5 b6 21. Qd2
f6 22. Re1 Ne6 23. a4 Rab8 24. g3 Qg6 25. Kh1 a5 26. Rd3 Nc5 27. Bxc5 bxc5 28.
Qxa5 Rb4 29. Qa7 Qe8 30. Rxd6 Rxb3 31. e5 f5 32. Re6 Kf7 33. Rxh6 Qd8 34. Qa6
1-0

[Event "Vladimir Dvorkovich Mem 2014"]
[Site "Taganrog RUS"]
[Date "2014.01.23"]
[Round "6.26"]
[White "Kotenko, P."]
[Black "Sazonova, A."]
[Result "1/2-1/2"]
[WhiteElo "2353"]
[BlackElo "2042"]
[PlyCount "80"]
[EventDate "2014.01.18"]
[EventType "swiss"]
[EventRounds "9"]
[EventCountry "RUS"]
[Source "Mark Crowther"]
[SourceDate "2014.01.27"]

1. e4 c5 2. Nf3 Nc6 3. d4 cxd4 4. Nxd4 Nf6 5. Nc3 d6 6. Bg5 e6 7. Qd2 Be7 8.
O-O-O Nxd4 9. Qxd4 O-O 10. f4 h6 11. Bh4 a6 12. Bc4 b5 13. Bb3 Qc7 14. Rhe1 Rb8
15. Bxf6 Bxf6 16. Qxd6 Qb7 17. e5 Be7 18. Qd3 a5 19. a4 bxa4 20. Nxa4 Rd8 21.
Qe4 Rxd1+ 22. Kxd1 Qd7+ 23. Kc1 Bb7 24. Qd3 Qxd3 25. cxd3 Bxg2 26. Bc4 Rd8 27.
Nc3 Kf8 28. Ne4 Rd4 29. Kc2 g5 30. fxg5 Bxe4 31. Rxe4 Rxe4 32. dxe4 Bxg5 33. h3
Bf4 34. Kd3 Bxe5 35. b3 Ke7 36. Bb5 Kf6 37. Be8 Ke7 38. Bb5 Kf6 39. Be8 Ke7 40.
Bb5 Kf6 1/2-1/2

[Event "Vladimir Dvorkovich Mem 2014"]
[Site "Taganrog RUS"]
[Date "2014.01.23"]
[Round "6.27"]
[White "Iliushkin, E."]
[Black "Yakimenko, Anastasia"]
[Result "1-0"]
[WhiteElo "2302"]
[BlackElo "1927"]
[PlyCount "101"]
[EventDate "2014.01.18"]
[EventType "swiss"]
[EventRounds "9"]
[EventCountry "RUS"]
[Source "Mark Crowther"]
[SourceDate "2014.01.27"]

1. c4 Nf6 2. Nf3 e6 3. d4 b6 4. a3 Bb7 5. Nc3 d5 6. cxd5 exd5 7. Bg5 Nbd7 8. e3
Be7 9. Qb3 O-O 10. Rd1 c6 11. Be2 Ne4 12. Bf4 Bd6 13. Bxd6 Nxd6 14. O-O f5 15.
Ne5 Ne4 16. f4 Ndf6 17. Nxe4 Nxe4 18. Bd3 Nd6 19. Rc1 Rc8 20. Qa4 c5 21. Ba6
Qe8 22. Qxe8 Rfxe8 23. Bxb7 Nxb7 24. dxc5 bxc5 25. Rfd1 Red8 26. g4 fxg4 27.
Nxg4 Na5 28. Ne5 c4 29. Rc2 Nb3 30. Kf2 g6 31. h4 Kf8 32. h5 gxh5 33. Rh1 d4
34. Rxc4 Rxc4 35. Nxc4 Rc8 36. Ne5 Rc2+ 37. Kf3 Nd2+ 38. Ke2 Nb3+ 39. Kd3 Rd2+
40. Kc4 Na5+ 41. Kb5 Nb7 42. Nc4 Rf2 43. exd4 Rxf4 44. Rxh5 Kg7 45. Rd5 Rf6 46.
Rd7+ Rf7 47. Kc6 Rxd7 48. Kxd7 h5 49. b4 h4 50. Ne3 h3 51. Nf1 1-0

[Event "Vladimir Dvorkovich Mem 2014"]
[Site "Taganrog RUS"]
[Date "2014.01.23"]
[Round "6.28"]
[White "Sukhareva, E."]
[Black "Nakhbayeva, G."]
[Result "0-1"]
[WhiteElo "2203"]
[BlackElo "2287"]
[PlyCount "110"]
[EventDate "2014.01.18"]
[EventType "swiss"]
[EventRounds "9"]
[EventCountry "RUS"]
[Source "Mark Crowther"]
[SourceDate "2014.01.27"]

1. d4 Nf6 2. c4 e6 3. Nf3 d5 4. Qc2 dxc4 5. Qxc4 a6 6. Bf4 Bd6 7. Bxd6 cxd6 8.
Nbd2 Nc6 9. e3 O-O 10. Be2 Bd7 11. O-O b5 12. Qd3 Qb6 13. Rac1 Rac8 14. Ne4
Nxe4 15. Qxe4 Rc7 16. Ng5 f5 17. Qb1 h6 18. Nf3 e5 19. dxe5 dxe5 20. Rfd1 e4
21. Nd4 Rfc8 22. Nb3 Be6 23. Bf1 Bxb3 24. axb3 Ne5 25. h3 Kh7 26. Rxc7 Qxc7 27.
Rd5 Qe7 28. Qd1 Rc6 29. g3 Qc7 30. Kg2 Rc1 31. Qh5 g6 32. Qh4 Nf3 33. Qd8 Qxd8
34. Rxd8 a5 35. Rd7+ Kg8 36. Rd5 Ne1+ 37. Kg1 Nf3+ 38. Kg2 Ne1+ 39. Kg1 b4 40.
Rxa5 Nf3+ 41. Kg2 Ne1+ 42. Kg1 Nd3 43. Rd5 Nxb2 44. g4 Nd3 45. gxf5 gxf5 46.
Rxf5 Rb1 47. Rd5 Ne1 48. Rb5 Nd3 49. Kg2 Rxb3 50. Bxd3 exd3 51. Kf3 Rb1 52. Rd5
Rd1 53. Ke4 d2 54. Kf3 b3 55. Ke2 b2 0-1

[Event "Vladimir Dvorkovich Mem 2014"]
[Site "Taganrog RUS"]
[Date "2014.01.23"]
[Round "6.29"]
[White "Kostrikina, A."]
[Black "Travkina, A."]
[Result "1-0"]
[WhiteElo "2141"]
[BlackElo "2227"]
[PlyCount "101"]
[EventDate "2014.01.18"]
[EventType "swiss"]
[EventRounds "9"]
[EventCountry "RUS"]
[Source "Mark Crowther"]
[SourceDate "2014.01.27"]

1. e4 e6 2. d4 d5 3. Nd2 Nf6 4. e5 Nfd7 5. Bd3 c5 6. c3 Nc6 7. Ne2 cxd4 8. cxd4
f6 9. exf6 Nxf6 10. O-O Bd6 11. Nf3 Qc7 12. g3 O-O 13. Bf4 Ng4 14. Rc1 Bxf4 15.
Nxf4 Rxf4 16. gxf4 Qxf4 17. Bb5 Bd7 18. Bxc6 Bxc6 19. h3 Rf8 20. Rc3 Rf6 21.
Qd2 Qf5 22. Qg5 Qe4 23. Re1 Nxf2 24. Kxf2 Qxd4+ 25. Kg3 Qb4 26. Qc1 d4 27. Rxc6
bxc6 28. Qxc6 d3 29. Qc8+ Rf8 30. Qxe6+ Kh8 31. Qe4 Qd6+ 32. Qe5 Qg6+ 33. Kf2
d2 34. Rd1 Qc2 35. Qe2 Qf5 36. Kg2 Qg6+ 37. Kh2 Qd6+ 38. Kg2 Qg6+ 39. Kf2 Qf5
40. Kg3 Qf4+ 41. Kg2 Rf6 42. Rxd2 Rg6+ 43. Kf1 h6 44. Rd8+ Kh7 45. Qd3 Qc1+ 46.
Ne1 Qf4+ 47. Ke2 Qe5+ 48. Kd1 Qxb2 49. a3 Qa1+ 50. Kd2 Qb2+ 51. Nc2 1-0

[Event "Vladimir Dvorkovich Mem 2014"]
[Site "Taganrog RUS"]
[Date "2014.01.23"]
[Round "6.30"]
[White "Bogdanov, R."]
[Black "Dauletova, G."]
[Result "0-1"]
[WhiteElo "2048"]
[BlackElo "2218"]
[PlyCount "146"]
[EventDate "2014.01.18"]
[EventType "swiss"]
[EventRounds "9"]
[EventCountry "RUS"]
[Source "Mark Crowther"]
[SourceDate "2014.01.27"]

1. f4 d5 2. b4 a5 3. b5 Nf6 4. Bb2 g6 5. Nf3 Bg7 6. e3 O-O 7. c4 dxc4 8. Bxc4
Nbd7 9. O-O Nb6 10. Be2 a4 11. Bd4 Nbd5 12. Na3 Bf5 13. Nh4 Bc8 14. Nc4 Bh6 15.
Bb2 Nb4 16. a3 Nd3 17. Rb1 Be6 18. Qc2 Bxc4 19. Qxc4 Nxb2 20. Rxb2 Qd6 21. Ra2
e5 22. fxe5 Qxe5 23. Nf3 Qe7 24. Rc1 Rfc8 25. Bd1 c6 26. Bxa4 Bxe3+ 27. dxe3
Qxe3+ 28. Kf1 Rxa4 29. Qc3 Qe6 30. Re2 Re4 31. Rxe4 Nxe4 32. Qc2 Qd5 33. a4 Rd8
34. bxc6 bxc6 35. Qc4 Qf5 36. Qxc6 Qf4 37. Re1 Nd2+ 38. Kg1 Nxf3+ 39. gxf3 Kg7
40. Qc3+ Kg8 41. a5 h5 42. a6 Kh7 43. a7 Rd2 44. Qxd2 Qxd2 45. a8=Q Qxe1+ 46.
Kg2 Qe2+ 47. Kg1 Qd1+ 48. Kg2 Qd2+ 49. Kg1 Qd4+ 50. Kg2 h4 51. Kh3 g5 52. Qc8
Qd3 53. Kg4 f6 54. Qe6 Qg6 55. Qe7+ Kh6 56. Qf8+ Kh7 57. Qe7+ Kg8 58. Qe6+ Qf7
59. Qc8+ Kg7 60. Qf5 Qc7 61. Kh5 Qf7+ 62. Kg4 Kh6 63. Kh3 Kg7 64. Kg4 Qe8 65.
Kh3 Qc6 66. Kg4 Kh6 67. Kh3 Qc3 68. Kg2 Qe5 69. Qc8 Qe2+ 70. Kg1 Qxf3 71. Qe8
Qd1+ 72. Kg2 Qd2+ 73. Kh3 Qd3+ 0-1